00614nam a22001937a 450000500170000000800410001702000180005804000210007604100080009708200170010510000310012224500980015325000120025126000330026330000100029665000550030670000320036170000270039320250901121043.0240830b |||||||| |||| 00| 0 eng d a9789358497779 aIN-DiNCcIN-DiNC deng a301.092bBOR aBordoloi, Moushumieauthor aSociological thinkers-I (Major4)/cby Moushumi Bordoloi, Dilip Kumar Bhuyan and Panchi Pathak a1st ed. aDibrugarh:bBanalata,c2024. a195p. aAugust Comte, Karl Marx, Max Weber, Emile Durkheim aBhuyan, Dilip Kumareauthor aPathak, Panchieauthor